| 000 | 01937nam0a2200421 4500 | ||
|---|---|---|---|
| 001 | RU\NLR\bibl\279188 | ||
| 005 | 20260406070924.0 | ||
| 010 |
_a5-88889-017-0 _95000 |
||
| 021 |
_aRU _b2002-29468 _91469 |
||
| 035 | _a(NLR Aleph) 000274687 | ||
| 090 |
_a1606647 _c1606647 |
||
| 100 | _a20020620d2002 u y0rusy50 ca | ||
| 101 | 0 | _arus | |
| 102 | _aRU | ||
| 105 | _aa ||||||||| | ||
| 135 | _acrgn 008aaada | ||
| 200 | 1 |
_aКамер-фурьерский журнал _fВладислав Ходасевич _g[Вступ. ст., подгот. теста, указ. О.Р. Демидовой] |
|
| 210 |
_aМ. _cЭллис Лак _d2002 |
||
| 215 |
_a477,[2] с.,[8] л. ил., портр. _cфакс. _d21 |
||
| 320 | _aУказатели: с. 370-477 | ||
| 325 | _aКопия доступна в Электрон. б-ке РНБ http://vivaldi.nlr.ru/bx000030511/view | ||
| 600 | 1 |
_aХодасевич _bВ.Ф. _f1886 - 1939 _gВладислав Фелицианович _jДневники _91542120 _3RU\NLR\auth\66973649 |
|
| 606 | 0 |
_aРусская литература _jВоспоминания, записки и т.п. _xза рубежом _z20 в. _9924713 _3RU\NLR\auth\6620795 |
|
| 686 | _aШ5(2=Р)53-4Ходасевич | ||
| 686 | _aШ5(2=Р)6,1 | ||
| 700 | 1 |
_4070 _8rus _7ca _aХодасевич _bВ.Ф. _gВладислав Фелицианович _f1886-1939 _3RU\NLR\auth\7727467 _910499 |
|
| 801 | 0 |
_aRU _bNLR _c20020620 _gPSBO |
|
| 801 | 1 |
_aRU _bNLR _c20020620 |
|
| 856 | 0 | _uhttp://vivaldi.nlr.ru/bx000030511/view | |
| 856 | 1 | _uhttp://vivaldi.nlr.ru/bx000030511/cover | |
| 856 | 2 | _uhttp://vivaldi.nlr.ru/bx000030511/text | |
| 942 | _cBOOK | ||
| 980 | _aNB | ||
| 981 | 3 | 3 |
_a(33) Художественная литература _b(33) Отечественная литература |